Jungle Charting Songs (Billboard Hot Dance) - Statistics

General Stats
  • This quiz has been taken 26 times
    10 since last reset
  • The average score is 4 of 13
Answer Stats
Album Weeks On Peak Artist(s) Song % Correct
Volcano 37 Weeks #4 Jungle Back on 74
88%
Volcano 12 Weeks #45 Jungle ft. Channel Tres I've Been In Love
50%
Loving in Stereo 1 Week #41 Jungle ft. Bas Romeo
50%
For Ever 4 Weeks #38 Jungle Happy Man
38%
Loving in Stereo 11 Weeks #29 Jungle Keep Moving
38%
Loving in Stereo 1 Week #39 Jungle Talk About It
38%
Non-Album Single 1 Week #32 Jungle GOOD TIMES
25%
For Ever 1 Week #39 Jungle Heavy, California
25%
Volcano 1 Week #49 Jungle Dominoes
13%
Loving in Stereo 1 Week #29 Jungle All of the Time
0%
For Ever 1 Week #42 Jungle Beat 54 (All Good Now)
0%
Diplo 7 Weeks #18 Diplo & Damian Lazarus ft. Jungle Don't Be Afraid
0%
Non-Album Single 17 Weeks #20 Jungle Let's Go Back
0%
No matching quizzes found
Score Distribution
Percent of People with Each Score
Percentile by Number Answered
Your Score History
You have not taken this quiz since the last reset